Teoretické vymedzenia pojmu kooperácia a možnosti jej využitia v družstevnom podnikaní

Guardado en:
Detalles Bibliográficos
Autor principal: Štensová, Antónia
Otros Autores: Švecová, Eva
Formato: Capítulo de libro
Lenguaje:eslovaco
Etiquetas: Agregar Etiqueta
Sin Etiquetas, Sea el primero en etiquetar este registro!

MARC

LEADER 00000naa$a2200000$$$4500
001 0066966
005 20240502083159.8
041 0 |a slo 
044 |a CZ 
245 1 0 |a Teoretické vymedzenia pojmu kooperácia a možnosti jej využitia v družstevnom podnikaní  |c Antónia Štensová, Eva Švecová 
100 1 |a Štensová, Antónia 
700 1 |a Švecová, Eva